Central Library OPAC University of Rajshahi

War-time financial problems / (Record no. 46281)

MARC details
000 -LEADER
fixed length control field 01269nam a2200301 a 4500
001 - CONTROL NUMBER
control field 46281
003 - CONTROL NUMBER IDENTIFIER
rucl marc code BD-RjUL
005 - DATE AND TIME OF LATEST TRANSACTION
control field 20211209054130.0
008 - FIXED-LENGTH DATA ELEMENTS--GENERAL INFORMATION
fixed length control field 16 r19201919enk | 001 0 eng d
035 ## - SYSTEM CONTROL NUMBER
System control number (BD-RjUL)46399
040 ## - CATALOGING SOURCE
Original cataloging agency OCLCE
Language of cataloging eng
Transcribing agency OCLCE
Modifying agency BD-RjUL
041 ## - LANGUAGE CODE
Language code of text/sound track or separate title eng
082 ## - DEWEY DECIMAL CLASSIFICATION NUMBER
Edition number 23
Classification number 940.31
Author mark and year WIW 1920
100 1# - MAIN ENTRY--PERSONAL NAME
Personal name Withers, Hartley,
Dates associated with a name 1867-1950.
9 (RLIN) 138734
245 10 - TITLE STATEMENT
Title War-time financial problems /
Statement of responsibility, etc. by Hartley Withers.
250 ## - EDITION STATEMENT
Edition statement 1st ed.
260 ## - PUBLICATION, DISTRIBUTION, ETC. (IMPRINT)
Place of publication, distribution, etc. London :
Name of publisher, distributor, etc. John Murray,
Date of publication, distribution, etc. 1919 [Reprint 1920]
300 ## - PHYSICAL DESCRIPTION
Pagination viii, 304 p. :
Illustrations ill. ;
Size 20 cm.
500 ## - GENERAL NOTE
General note "The contents, with the exception of the last article on 'Money or goods?� (which appeared in the Trade supplement of the Times for December, 1918) have already been published in Sperling's journal, from September, 1917, to March, 1919"--Pref.
General note "First edition ... 1919, reprinted ... 1920."
650 #0 - SUBJECT ADDED ENTRY--TOPICAL TERM
Topical term or geographic name as entry element World War, 1914-1918
General subdivision Economic aspects
Geographic subdivision Great Britain.
9 (RLIN) 141347
Topical term or geographic name as entry element Finance
Geographic subdivision Great Britain.
9 (RLIN) 141348
Topical term or geographic name as entry element Currency question
Geographic subdivision Great Britain.
9 (RLIN) 131430
776 1# - ADDITIONAL PHYSICAL FORM ENTRY
Qualifying information Original
Record control number (OCoLC)7384114
856 40 - ELECTRONIC LOCATION AND ACCESS
Materials specified HathiTrust Digital Library
Uniform Resource Identifier <a href="http://catalog.hathitrust.org/api/volumes/oclc/7384114.html">http://catalog.hathitrust.org/api/volumes/oclc/7384114.html</a>
942 ## - ADDED ENTRY ELEMENTS (KOHA)
Source of classification or shelving scheme Dewey Decimal Classification
Koha item type Books
Holdings
Lost status Source of classification or shelving scheme Damaged status Not for loan Collection code Permanent Location Current Location Shelving location Date acquired Source of acquisition Cost, normal purchase price Total Checkouts Full call number Date last seen Copy number Koha item type
  Dewey Decimal Classification     Non-fiction Central Library, University of Rajshahi Central Library, University of Rajshahi   19/11/1957 O. U. P 4.14   940.31 WIW 1920 01/08/2016 C-2 Books